Caution on the US storefront (Record no. 68424)
[ view plain ]
| 000 -LEADER | |
|---|---|
| fixed length control field | 01446cam a2200253 4500 |
| 001 - CONTROL NUMBER | |
| control field | ABS64555 |
| 008 - FIXED-LENGTH DATA ELEMENTS--GENERAL INFORMATION | |
| fixed length control field | 010928n2001 000 0 eng u |
| 035 ## - SYSTEM CONTROL NUMBER | |
| System control number | (Sirsi) u114923 |
| 100 ## - MAIN ENTRY--PERSONAL NAME | |
| Personal name | Spires, S. |
| 245 ## - TITLE STATEMENT | |
| Title | Caution on the US storefront |
| 260 ## - PUBLICATION, DISTRIBUTION, ETC. | |
| Date of publication, distribution, etc. | 2001 |
| 490 ## - SERIES STATEMENT | |
| Series statement | National Real Estate Investor |
| Volume/sequential designation | 43(8) 15 July 2001, 69(1) |
| 520 ## - SUMMARY, ETC. | |
| Summary, etc. | Looks at the impact of the slowing economy on the retail construction market in the United States. Suggests that despite the shaky economy retail construction is moving forward. According to Grubb & Ellis's "Retail Market Trends" newsletter, retail property markets have slowed with the economy, but not to the same degree. Meanwhile retail sales are continuing to register moderate, positive growth. Notes that the slow economy is impacting leasing markets, where there is pronounced sluggishness as tenants wait to see how quickly the economy will recover. Also discusses open-air developments, which make up a high percentage of the projects currently in development or proposed. Lifestyle centres are also growing in popularity among US developers. |
| 590 ## - LOCAL NOTE (RLIN) | |
| Local note | ABS |
| 650 ## - SUBJECT ADDED ENTRY--TOPICAL TERM | |
| Topical term or geographic name entry element | UNITED STATES |
| 650 ## - SUBJECT ADDED ENTRY--TOPICAL TERM | |
| Topical term or geographic name entry element | RETAIL PROPERTY |
| 650 ## - SUBJECT ADDED ENTRY--TOPICAL TERM | |
| Topical term or geographic name entry element | PROPERTY-COMMERCIAL PROPERTY-RETAIL PROPERTY-RETAIL PROPERTY MARKET |
| 650 ## - SUBJECT ADDED ENTRY--TOPICAL TERM | |
| Topical term or geographic name entry element | BUILT ENVIRONMENT |
| 650 ## - SUBJECT ADDED ENTRY--TOPICAL TERM | |
| Topical term or geographic name entry element | ECONOMY |
| 650 ## - SUBJECT ADDED ENTRY--TOPICAL TERM | |
| Topical term or geographic name entry element | LIFESTYLE CENTRES |
| 650 ## - SUBJECT ADDED ENTRY--TOPICAL TERM | |
| Topical term or geographic name entry element | OPEN-AIR DEVELOPMENTS |
| 690 ## - LOCAL SUBJECT ADDED ENTRY--TOPICAL TERM (OCLC, RLIN) | |
| Topical term or geographic name as entry element | INTERNATIONAL |
| 942 ## - ADDED ENTRY ELEMENTS (KOHA) | |
| Suppress in OPAC | 0 |
| Withdrawn status | Lost status | Source of classification or shelving scheme | Damaged status | Not for loan | Home library | Current library | Shelving location | Date acquired | Total Checkouts | Full call number | Barcode | Date last seen | Copy number | Price effective from | Koha item type |
|---|---|---|---|---|---|---|---|---|---|---|---|---|---|---|---|
| Dewey Decimal Classification | London | London | Journal article | 28/09/2001 | ABS64555 | 114923-1001 | 06/08/2019 | 1 | 06/08/2019 | Journal article |